Unit Operations of Chemical Engineering (Record no. 14708)
[ view plain ]
| 000 -LEADER | |
|---|---|
| fixed length control field | 00431nam a22001577a 4500 |
| 020 ## - INTERNATIONAL STANDARD BOOK NUMBER | |
| ISBN | 9789339213237 |
| 082 ## - DEWEY DECIMAL CLASSIFICATION NUMBER | |
| Classification number | 660.2842 |
| Item number | MCC/UN |
| 100 ## - MAIN ENTRY--AUTHOR NAME | |
| Personal name | McCabe,Warren. L |
| 100 ## - MAIN ENTRY--AUTHOR NAME | |
| Personal name | Smith,Julian. C. |
| 100 ## - MAIN ENTRY--AUTHOR NAME | |
| Personal name | Harriott,Peter |
| 245 ## - TITLE STATEMENT | |
| Title | Unit Operations of Chemical Engineering |
| 250 ## - EDITION STATEMENT | |
| Edition statement | 7 th |
| 260 ## - PUBLICATION, DISTRIBUTION, ETC. (IMPRINT) | |
| Place of publication | New Delhi |
| Name of publisher | McGraw Hill Education (India) Private Limmited |
| Year of publication | 2015 |
| 300 ## - PHYSICAL DESCRIPTION | |
| Number of Pages | 1140 |
| 942 ## - ADDED ENTRY ELEMENTS (KOHA) | |
| Koha item type | Book Bank scheme for SC students |
| Withdrawn status | Lost status | Damaged status | Collection code | Home library | Current library | Shelving location | Date acquired | Source of acquisition | Cost, normal purchase price | Full call number | Accession Number | Koha item type |
|---|---|---|---|---|---|---|---|---|---|---|---|---|
| Reference | KAUAET | KAUAET | Scheme | 19/08/2016 | Penta Books Distributors, Calicut. | 750.00 | 660.2842 MCC/UN | BB 410 | Book Bank scheme for SC students | |||
| KAUAET | KAUAET | Scheme | 26/08/2016 | Dream Tech Publishers & Book Sellers, Trivandrum. | 750.00 | 660.2842 MCC/UN | BB 374 | Book Bank scheme for SC students | ||||
| General Books | KAUAET | KAUAET | General Stacks | 24/03/2023 | Aman book stall, calicut | 1025.00 | 660.2842 MCC/UN | 26166 | Books |
